000 00608nam a2200217 a 4500
005 20260322212034.0
008 data
010 _a83-8352
020 _a0452256275
020 _a978-0-452-25627-9
099 _a92 K53l
100 1 _aOates, Stephen
245 1 0 _aLet the trumpet sound :
_bthe life of Martin Luther King, Jr.
_cStephen Oates
260 _aHarper & Row
_bNew American Library
_cc1983
300 _a560 p.
500 _aIncludes index and bibliographical references
650 0 2 _aBlacks
_vbiography
650 0 2 _aBlacks
_xhistory
650 4 _aKing, Martin Luther, Jr., 1929-1968.
001 data
999 _c778
_d778